000 00329nam a2200133 i 4500
001 bg
100 1 _aSIEKLUDZKI, Karol.
245 1 0 _aGeometria i topologia.
_nCz. 1,
_pGeometria /
_cKarol Siekludzki.
260 _aWarszawa,
_c1978.
040 _cBPK
041 _apol
942 _cKS
008 s pl f |000 0 pol
999 _c17894
_d17894
856 _uhttp://koha.tu.koszalin.pl/cgi-bin/koha/opac-detail.pl?biblionumber=17894
_yKatalog online BPK